Personnages de dessins animés en images - E - Statistiques

Statistiques générales
  • Ce quiz a été pris 914 fois
  • Le résultat moyen est 9 sur 16
Statistiques - réponses
Par images Réponse % Correct
Elsa
97%
Esmeralda
82%
Eric Cartman
81%
Prince Eric
81%
Esteban
76%
EVE
69%
Edna
67%
Elastigirl
53%
Elena
45%
Edgar
43%
Ellie
42%
Ernesto de la Cruz
40%
Emile
38%
Edith
32%
Everest
20%
eBoy
6%
Aucun quiz correspondant
Distribution des résultats
% des personnes avec chaque résultat
Percentile par nombre de réponses
Votre historique - résultats
Vous n’avez pas pris ce quiz